000 00596nam a2200229Ia 4500
003 OSt
005 20221006144921.0
006 a|||||r|||| 00| 0
007 ta
008 221006b |||||||| |||| 00| 0 eng d
024 _a13,180
037 _cTextual
040 _aEASL
_cEASL
_beng
041 _2eng
_aeng
082 _aV41,2xN04, K6
100 _aCHEN
_9653134
245 0 _aOn the ten year civil war 1927-1937
260 _aPeking
_bForeign Languages Press
_c1966
300 _a99p.
_ccm.
942 _hV41,2xN04, K6
_cTEXL
_2CC
999 _c1081266
_d1081266